Islamic banks and strategies of eocnomic cooperati (Record no. 575273)

MARC details
000 -LEADER
fixed length control field 00818nam a2200265Ia 4500
003 - CONTROL NUMBER IDENTIFIER
control field OSt
005 - DATE AND TIME OF LATEST TRANSACTION
control field 20220925221743.0
008 - FIXED-LENGTH DATA ELEMENTS--GENERAL INFORMATION
fixed length control field 220923b |||||||| |||| 00| 0 eng d
020 ## - INTERNATIONAL STANDARD BOOK NUMBER
International Standard Book Number 094611000X
037 ## - SOURCE OF ACQUISITION
Terms of availability General Book
040 ## - CATALOGING SOURCE
Original cataloging agency RTL
Transcribing agency RTL
Language of cataloging eng
041 ## - LANGUAGE CODE
Source of code eng
Language code of text/sound track or separate title eng
100 ## - MAIN ENTRY--PERSONAL NAME
Personal name Ali Muazzam Ed.
9 (RLIN) 287054
245 #0 - TITLE STATEMENT
Title Islamic banks and strategies of eocnomic cooperati
260 ## - PUBLICATION, DISTRIBUTION, ETC.
Place of publication, distribution, etc. London
Name of publisher, distributor, etc. New Century Publishers UK
Date of publication, distribution, etc. 1982
300 ## - PHYSICAL DESCRIPTION
Extent 120p
Dimensions cm.
490 ## - SERIES STATEMENT
Series statement International Association of Islamic Banks
500 ## - GENERAL NOTE
General note Appendix p. 89-120
650 ## - SUBJECT ADDED ENTRY--TOPICAL TERM
Topical term or geographic name entry element Islam
9 (RLIN) 577
942 ## - ADDED ENTRY ELEMENTS (KOHA)
Classification part Q7:(X62), M2
Koha item type General Books
Source of classification or shelving scheme Colon Classification (CC)
Holdings
Withdrawn status Lost status Damaged status Not for loan Home library Current library Date acquired Source of acquisition Total Checkouts Full call number Barcode Date last seen Price effective from Koha item type
        Ratan Tata Library Ratan Tata Library 2022-09-25 259dt, 19/12/1985, IBH   Q7:(X62) M2 RT0948655 2022-09-25 2022-09-25 General Books
Copyright @ Delhi University Library System